| 000 | 02167nam a2200409 a 4500 | ||
|---|---|---|---|
| 001 | 000024016 | ||
| 003 | DO-SdBPM | ||
| 005 | 20260519105250.0 | ||
| 007 | ta | ||
| 008 | 110118s2018 dr 001 0 spa d | ||
| 020 | _a9789945884167 | ||
| 040 |
_aDO-SdBPM _bspa _cBPMSU _erda |
||
| 082 | 0 | 4 |
_a341.42 _b R426j 2018 _222 |
| 100 | 1 | _a | |
| 110 | 1 |
_aRepública Dominicana. _bTribunal Constitucional |
|
| 245 | 1 | 3 |
_a La justa causa de la libertad / _ccolaboradores : Juan Daniel Balcácer, : Justo Pedro Castellanos Khoury ; presentación : Milton Ray Guevara ; prólogo : Juan Daniel Balcácer |
| 264 |
_aSanto Domingo : _b Tribunal Constitucional de la República Dominicana, _c2018 |
||
| 300 |
_a 58 + [32] páginas : _bilustraciones ; _c22 cm. |
||
| 336 |
_atexto _btxt _2rdacontent |
||
| 337 |
_asin mediación _bn _2rdamedia |
||
| 338 |
_avolumen _bnc _2rda |
||
| 505 | 0 | _aPalabras de presentación / Milton Ray Guevara, 11.-- A manera de prólogo / Juan Daniel Balcácer, 17.-- Manifiesto del 16 de enero de 1844, 27.-- Proyecto de Ley Fundamental, de Juan Pablo Duarte, 47.-- Anexo I. Fotografías del ejemplar original del proyecto de Ley Fundamental, de Juan Pablo Duarte, 59.-- Anexo II. Fotografías de la transcripción original del Manifiesto del 16 de enero de 1844, 77.-- Anexo III. Fotografías de la Resolución No. TC/ 0003/ 12, del 11 de diciembre de 2012, del Tribunal Constitucional de la República Dominicana, mediante la cual se declara a Juan Pablo Duarte como primer constitucionalista dominicano, 89 | |
| 590 | _aInventariado, 2026/VM | ||
| 650 | 7 |
_aAutodeterminación nacional _z República Dominicana |
|
| 650 | 7 |
_aNacionalismo _z República Dominicana |
|
| 651 | 7 |
_aRepública Dominicana _xLímites _xHistoria _y _v |
|
| 700 | 1 |
_aBalcácer, Juan Daniel _eColaborador |
|
| 700 | 1 |
_aCastellanos Khoury, Justo Pedro _eColaborador |
|
| 700 | 1 |
_a Ray Guevara, Milton _epresentación |
|
| 700 | 1 |
_aBalcácer, Juan Daniel _eprólogo |
|
| 910 | _aVMateo V. Control de calidad BPMSU | ||
| 930 |
_l _m _8 _f _p _g |
||
| 930 |
_l _m _8 _f _p _g |
||
| 930 |
_l _m _8 _f _p _g _h |
||
| 942 |
_2ddc _cBK |
||
| 956 |
_a _b _c _l _h |
||
| 999 |
_c15849 _d15849 |
||